000 01597nam a2200349 i 4500
001 ebr10785157
003 CaPaEBR
006 m o d
007 cr cn|||||||||
008 131108s2010 gw acd ob 100 0 eng|d
020 _z9781847354969
020 _a9781847359346 (e-book)
040 _aCaPaEBR
_beng
_erda
_epn
_cCaPaEBR
035 _a(OCoLC)868971911
050 1 4 _aTA455.E4
_bI58 2010eb
082 0 4 _a172
111 2 _aInternational Conference on Thermoplastic Elastomers
_n(13th :
_d2010 :
_cCologne, Germany),
_jissuing body.
245 1 0 _aTPE Thermo Plastic Elastomers 2010 :
_bthe Thirteenth International Conference on Thermoplastic Elastomers : [conference proceedings] : Cologne, Germany, 26-27 October 2010 /
_corganised by Smithers.
264 1 _aCologne :
_bSmithers Rapra Technology Limited,
_c2010.
300 _a1 online resource (172 pages) :
_billustrations, portraits
336 _atext
_2rdacontent
337 _acomputer
_2rdamedia
338 _aonline resource
_2rdacarrier
504 _aIncludes bibliographical references.
588 _aDescription based on online resource; title from PDF title page (ebrary, viewed November 8, 2013).
590 _aElectronic reproduction. Palo Alto, Calif. : ebrary, 2013. Available via World Wide Web. Access may be limited to ebrary affiliated libraries.
650 0 _aElastomers
_vCongresses.
655 0 _aElectronic books.
710 2 _aSmithers.
797 2 _aebrary.
856 4 0 _uhttp://site.ebrary.com/lib/rucke/Doc?id=10785157
_zAn electronic book accessible through the World Wide Web; click to view
999 _c135890
_d135890